000 00424 a2200121 4500
999 _c28793
_d28793
003 NUST
005 20180117114005.0
008 180117b xxu||||| |||| 00| 0 eng d
040 _cNUST
082 _a517.382 BEL
100 1 _aBellman, Richard Ernest.
_98536
245 1 0 _aMethods of nonlinear analysis. volume ii. mathematics in science and engineering series, volumes 61-1 & 61-ii. /
_cRichard Ernest Bellman.
250 _aFirst ed.
260 _a[S.l.] :
_bAcademic Press, Inc.,
_c1973.
300 _a1 v. (unpaged)
942 _aSNS
_cBK
_k517.382 BEL
_2ddc